000 02244nam a2200313 a 4500
008 090827s2008 ||||||||||||||||| || u
020 _a0072977485
050 _aHF 1017 Ess
100 _aOrris, J. B
245 1 0 _aEssentials of business statistics. -- 2nd ed.
_cby Bruce L. Bowerman...[and others]
250 _a2nd ed.
260 _aNew York:
_bMcGraw-Hill
_c2008
300 _axviii, 654p.: ill. + CD-ROM
350 _a0.00
490 _aThe McGraw-Hill/Irwin series: Business statistics and quantitative methods and management science
500 _aAccompanied by a CD-Rom available in the cybrary
650 0 _aBUSINESS
650 0 _aCOMMERCIAL STATISTICS
700 _aO'Connell, Robert T
700 _aPorter, Dawn C
995 _aKAPASA MAKASA LIBRARY OPEN ACCESS
_D0.00
_e740310
_FCBU-KAPASA MAKASA LIBRARY (Chinsali)
_H1
_I0.00
_jHF 1017 Ess
_M3
_UAVAILABLE
_WAug 27, 2009
_y740310
_ZKapasa Makasa Library Open Acess Collection
995 _aANNEX COLLECTION (Main Library)
_D0.00
_e740311
_FCBU-MAIN LIBRARY (Kitwe)
_H1
_I0.00
_jHA 29 ESS
_M4
_UAVAILABLE
_WAug 27, 2009
_y740311
_ZAnnex Low-Usage Collection
995 _aMAIN LIBRARY OPEN ACCESS
_D0.00
_e740309
_FCBU-MAIN LIBRARY (Kitwe)
_H1
_I0.00
_jHF 1017 Ess
_M2
_UAVAILABLE
_WAug 27, 2009
_y740309
_ZMain Library Open Access Collection
995 _aKAPASA MAKASA LIBRARY OPEN ACCESS
_e748153
_FCBU-KAPASA MAKASA LIBRARY (Chinsali)
_I0.00
_jHF 1017 Ess
_M8
_UAVAILABLE
_WSep 28, 2017
_y748153
_ZKapasa Makasa Library Open Acess Collection
995 _aANNEX COLLECTION (Main Library)
_D0.00
_e740308
_FCBU-MAIN LIBRARY (Kitwe)
_H1
_I0.00
_jHA 29 ESS
_M1
_UAVAILABLE
_WAug 27, 2009
_y740308
_ZAnnex Low-Usage Collection
995 _aKAPASA MAKASA LIBRARY OPEN ACCESS
_e747973
_FCBU-KAPASA MAKASA LIBRARY (Chinsali)
_I0.00
_jHF 1017 Ess
_M5
_UAVAILABLE
_WSep 26, 2017
_y747973
_ZKapasa Makasa Library Open Acess Collection
995 _aKAPASA MAKASA LIBRARY OPEN ACCESS
_e748154
_FCBU-KAPASA MAKASA LIBRARY (Chinsali)
_I0.00
_jHF 1017 Ess
_M7
_UAVAILABLE
_WSep 28, 2017
_y748154
_ZKapasa Makasa Library Open Acess Collection
995 _aKAPASA MAKASA LIBRARY OPEN ACCESS
_e747972
_FCBU-KAPASA MAKASA LIBRARY (Chinsali)
_I0.00
_jHF 1017 Ess
_M6
_UAVAILABLE
_WSep 26, 2017
_y747972
_ZKapasa Makasa Library Open Acess Collection
999 _c62829
_d62829